Acta de la sesión inaugural de la Academia Matritense de Jurisprudencia y Legislación, celebrada el día 7 de noviembre de 1856. (Record no. 53382)

MARC details
000 -LEADER
campo de control de longitud fija 01081nam a2200241 i 4500
001 - NÚMERO DE CONTROL
campo de control 53382
003 - IDENTIFICADOR DE NÚMERO DE CONTROL
campo de control ES-MaACL
005 - FECHA Y HORA DE LA ÚLTIMA TRANSACCIÓN
campo de control 20231226181042.0
008 - DATOS DE LONGITUD FIJA--INFORMACIÓN GENERAL
campo de control de longitud fija 221201s1856 sp 000 s spa
080 ## - NÚMERO DE LA CLASIFICACIÓN DECIMAL UNIVERSAL
Número de la Clasificación Decimal Universal 061.22(460.27 M.)
110 2# - ENTRADA PRINCIPAL--NOMBRE DE ENTIDAD CORPORATIVA
Nombre de entidad corporativa o nombre de jurisdicción como elemento de entrada Academia Matritense de Jurisprudencia y Legislación.
9 (RLIN) 1204
245 10 - MENCIÓN DEL TÍTULO
Título Acta de la sesión inaugural de la Academia Matritense de Jurisprudencia y Legislación, celebrada el día 7 de noviembre de 1856.
260 ## - PUBLICACIÓN, DISTRIBUCIÓN, ETC.
Lugar de publicación, distribución, etc. Madrid :
Nombre del editor, distribuidor, etc. [s.n.],
Fecha de publicación, distribución, etc. 1856 (
Fabricante Imp., fund. y lib. de Eusebio Aguado)
300 ## - DESCRIPCIÓN FÍSICA
Extensión 40 p. ;
Dimensiones 24 cm.
490 1# - MENCIÓN DE SERIE
Mención de serie Actas de la Academia Matritense de Jurisprudencia y Legislación
530 ## - NOTA DISPONIBLE DE FORMULARIO FÍSICO ADICIONAL
Nota de formato físico adicional disponible Disponible en formato digital.
594 ## - Nota al título y mención de responsabilidad
Nota al título y mención de responsabilidad En p. 3: Presidencia del Excmo. Sr. D. Claudio Moyano, ministro de Fomento
700 1# - ENTRADA AGREGADA--NOMBRE PERSONAL
Nombre de persona Moyano, Claudio,
Fechas asociadas al nombre 1809-1890
9 (RLIN) 150798
830 #0 - PUNTO DE ACCESO ADICIONAL DE SERIE-TÍTULO UNIFORME
Título uniforme Actas de la Academia Matritense de Jurisprudencia y Legislación.
9 (RLIN) 150797
852 4# - LOCALIZACIÓN
Ubicación ES-MaACL
Número de control de estantería T-44-F-7
856 4# - LOCALIZACIÓN Y ACCESO ELECTRÓNICOS
Identificador Uniforme de Recursos <a href="https://patrimoniodigital.ucm.es/s/patrimonio/item/599160 ">https://patrimoniodigital.ucm.es/s/patrimonio/item/599160 </a>
Nota pública Patrimonio Digital Complutense
Holdings
Estatus retirado Estado de pérdida Estado de daño No para préstamo Colección Biblioteca de origen Biblioteca actual Ubicación en estantería Fecha de adquisición Fuente de adquisición Total de préstamos Signatura topográfica completa Código de barras Visto por última vez Precio de reemplazo Tipo de ítem Koha
        Colección de folletos Biblioteca del Ateneo de Madrid Biblioteca del Ateneo de Madrid Depósito folletos 01/12/2022     T-44-F-7 1204820 23/02/2023 23/02/2023 Folleto